<?xml version="1.0" encoding="UTF-8"?>
<record
    xmlns:xsi="http://www.w3.org/2001/XMLSchema-instance"
    xsi:schemaLocation="http://www.loc.gov/MARC21/slim http://www.loc.gov/standards/marcxml/schema/MARC21slim.xsd"
    xmlns="http://www.loc.gov/MARC21/slim">

  <leader>02265nam a2200313   4500</leader>
  <controlfield tag="001">27</controlfield>
  <controlfield tag="003">OSt</controlfield>
  <controlfield tag="005">20250206134107.0</controlfield>
  <controlfield tag="008">250121b        |||||||g |||| 00| j eng d</controlfield>
  <datafield tag="020" ind1=" " ind2=" ">
    <subfield code="a">9788528613445</subfield>
  </datafield>
  <datafield tag="040" ind1=" " ind2=" ">
    <subfield code="b">por</subfield>
  </datafield>
  <datafield tag="041" ind1=" " ind2=" ">
    <subfield code="h">eng</subfield>
    <subfield code="a">por</subfield>
  </datafield>
  <datafield tag="082" ind1=" " ind2=" ">
    <subfield code="a">823</subfield>
    <subfield code="b">A671g</subfield>
  </datafield>
  <datafield tag="100" ind1="1" ind2=" ">
    <subfield code="a">Archer, Jeffrey,</subfield>
    <subfield code="d">1940-</subfield>
    <subfield code="9">66</subfield>
  </datafield>
  <datafield tag="240" ind1=" " ind2=" ">
    <subfield code="a">Cat o&#xB4;nine tales</subfield>
  </datafield>
  <datafield tag="245" ind1=" " ind2=" ">
    <subfield code="a">Gato escaldado tem nove vidas /</subfield>
    <subfield code="c">Archer, Jeffrey ; Tradu&#xE7;&#xE3;o de Renato Motta e Ilustra&#xE7;&#xE3;o de Ronald Searle</subfield>
  </datafield>
  <datafield tag="260" ind1=" " ind2=" ">
    <subfield code="a">Rio de Janeiro</subfield>
    <subfield code="b">Bertrand Brasil</subfield>
    <subfield code="c">2008</subfield>
  </datafield>
  <datafield tag="300" ind1=" " ind2=" ">
    <subfield code="a">266 p.</subfield>
    <subfield code="b">il.</subfield>
  </datafield>
  <datafield tag="520" ind1=" " ind2=" ">
    <subfield code="a">Jeffrey Archer. autor de dezenas de best sellers internacionais e classificado pela revista Time como "o mestre do entretenimento". passou dois anos em pres&#xED;dios de Sua Majestade. sob acusa&#xE7;&#xF5;es de perj&#xFA;rio e obstru&#xE7;&#xE3;o da justi&#xE7;a durante uma investiga&#xE7;&#xE3;o do governo brit&#xE2;nico. A temporada - certamente dura para Jeffrey. que agora pode se considerar um "gato escaldado" - revela-se muito proveitosa ao leitor: Gato escaldado tem nove vidas. seu sexto livro de contos. traz diversas narrativas baseadas em hist&#xF3;rias que viveu ou ouviu na cadeia. transformadas em material liter&#xE1;rio por um dos maiores contadores de hist&#xF3;rias da atualidade. S&#xE3;o 12 contos. nove deles calcados nessas experi&#xEA;ncias. Entre eles. "O homem que roubou a pr&#xF3;pria ag&#xEA;ncia dos correios". com t&#xED;tulo auto-explicativo. e "N&#xE3;o beba &#xE1;gua". sobre um homem que tentou envenenar a esposa. trazem finais surpreendentes; "Mestre" mostra como um restaurateur explicou ao Fisco como consegue manter um iate. uma Ferrari e uma casa em Floren&#xE7;a com uma renda declarada de 100 mil libras por ano; "O rei vermelho" &#xE9; sobre um charlat&#xE3;o que entra na vida de um lorde ingl&#xEA;s em busca de uma pe&#xE7;a que far&#xE1; seu tabuleiro de xadrez valer uma fortuna; e "Aos olhos de quem v&#xEA;". o preferido de Archer. no qual um bonito e famoso jogador de futebol do Roma se apaixona por uma mulher espantosamente rica.</subfield>
  </datafield>
  <datafield tag="650" ind1=" " ind2="0">
    <subfield code="a">Literatura Inglesa</subfield>
    <subfield code="9">89</subfield>
  </datafield>
  <datafield tag="650" ind1=" " ind2="0">
    <subfield code="a">Humor</subfield>
    <subfield code="9">60</subfield>
  </datafield>
  <datafield tag="650" ind1=" " ind2="0">
    <subfield code="a">Historias curtas </subfield>
    <subfield code="9">67</subfield>
  </datafield>
  <datafield tag="650" ind1=" " ind2="0">
    <subfield code="a">Mist&#xE9;rio</subfield>
    <subfield code="9">42</subfield>
  </datafield>
  <datafield tag="650" ind1=" " ind2="0">
    <subfield code="a">Crime e Investiga&#xE7;&#xE3;o </subfield>
    <subfield code="9">13</subfield>
  </datafield>
  <datafield tag="655" ind1=" " ind2="0">
    <subfield code="a">Conto</subfield>
    <subfield code="9">68</subfield>
  </datafield>
  <datafield tag="700" ind1=" " ind2=" ">
    <subfield code="a">Renato Motta</subfield>
    <subfield code="e">Tradutor</subfield>
    <subfield code="9">69</subfield>
  </datafield>
  <datafield tag="700" ind1=" " ind2=" ">
    <subfield code="a">Ronald Searle</subfield>
    <subfield code="e">Ilustrador</subfield>
    <subfield code="9">70</subfield>
  </datafield>
  <datafield tag="942" ind1=" " ind2=" ">
    <subfield code="2">ddc</subfield>
    <subfield code="n">0</subfield>
    <subfield code="c">BK</subfield>
  </datafield>
  <datafield tag="952" ind1=" " ind2=" ">
    <subfield code="0">0</subfield>
    <subfield code="1">0</subfield>
    <subfield code="2">ddc</subfield>
    <subfield code="4">0</subfield>
    <subfield code="7">0</subfield>
    <subfield code="8">FIC</subfield>
    <subfield code="a">BIBIB</subfield>
    <subfield code="b">BIBIB</subfield>
    <subfield code="c">LE</subfield>
    <subfield code="d">2014-01-08</subfield>
    <subfield code="e">doa&#xE7;&#xE3;o</subfield>
    <subfield code="l">0</subfield>
    <subfield code="o">823 / A671g</subfield>
    <subfield code="p">2025-4525</subfield>
    <subfield code="r">2025-01-20 08:34:18</subfield>
    <subfield code="w">2025-01-20</subfield>
    <subfield code="y">BK</subfield>
  </datafield>
  <datafield tag="999" ind1=" " ind2=" ">
    <subfield code="c">27</subfield>
    <subfield code="d">27</subfield>
  </datafield>
</record>
